Sabrinka /

Main Author: Gálová, Irena, 1944-
Other Authors: Klementová, Dagmar, Krejčová, Zdeňka, 1944-
Language: Czech
Published: Praha : G plus G, 2000
Edition: Vyd. 1.
Online Access: Digitalizovaný dokument
Physical Description: 133 s. : barev. il. ; 28 cm
Book
Saved in:
LEADER 01441nam a2200373 a 4500
001 000534024
003 CZ BrMZK
005 20090129113250.0
007 ta
008 000115s2000 xr c j cze d
015 |a cnb000981457 
020 |a 80-86103-41-2 
035 |a (OCoLC)46964144 
040 |a BOA001  |b cze 
072 7 |a 821-93  |x Literatura pro děti a mládež (beletrie)  |2 Konspekt  |9 26 
072 7 |a 821.162.4  |x Slovenská literatura  |2 Konspekt  |9 25 
080 |a 821-93  |2 MRF 
080 |a 821.162.4-32  |2 MRF 
080 |a (0:82-32)  |2 MRF 
100 1 |a Gálová, Irena,  |d 1944-  |7 jn20010309682  |4 aut 
245 1 0 |a Sabrinka /  |c Irena Gálová ; [ze slovenštiny přeložila Dagmar Klementová ; ilustrovala Zdenka Krejčová] 
250 |a Vyd. 1. 
260 |a Praha :  |b G plus G,  |c 2000 
300 |a 133 s. :  |b barev. il. ;  |c 28 cm 
500 |a Dostupné též v digitální podobě v aplikaci Kramerius 
655 7 |a slovenské příběhy  |7 fd183398  |2 czenas 
655 7 |a publikace pro děti  |7 fd133156  |2 czenas 
700 1 |a Klementová, Dagmar  |7 jk01060391  |4 trl 
700 1 |a Krejčová, Zdeňka,  |d 1944-  |7 jk01063265  |4 ill 
765 0 |t Sabrinka 
856 4 1 |u http://www.digitalniknihovna.cz/mzk/uuid/uuid:1ed18090-dde0-11e9-84ef-005056827e51  |y Digitalizovaný dokument  |x NDK 
910 |a BOA001  |b 4-1077.353 
990 |a BK 
996 6 |b 2610121664  |c 4-1077.353  |l MZK  |r Sklad / do 1 hodiny  |n 1  |p p.v.  |w 000534024  |u 000010  |a 1  |e BOA001  |j MZK50  |s P